| 000 | 00321nam a22001217a 4500 | ||
|---|---|---|---|
| 020 | _a0-85052-247-1 | ||
| 082 | _a958.1 MAX'M | ||
| 100 |
_aMAXWELL, LEIGH _949080 |
||
| 245 | _aMY GOD MAIWAND OPERATIONS OF THE SOUTH AFGHANISTAN FIELD FORCE 1878-80 | ||
| 260 |
_aLONDON _bLEO COOPER _c1979 |
||
| 300 | _a276P | ||
| 942 | _cBK | ||
| 999 |
_c580324 _d580324 |
||